Islamic Economics/ (Record no. 36260)
[ view plain ]
| 000 -LEADER | |
|---|---|
| fixed length control field | 00498nam a22001817a 4500 |
| 005 - DATE AND TIME OF LATEST TRANSACTION | |
| control field | 20240802095811.0 |
| 008 - FIXED-LENGTH DATA ELEMENTS--GENERAL INFORMATION | |
| fixed length control field | 240802b |||||||| |||| 00| 0 eng d |
| 020 ## - INTERNATIONAL STANDARD BOOK NUMBER | |
| ISBN | 0-86037-214-6 |
| 082 ## - DEWEY DECIMAL CLASSIFICATION NUMBER | |
| Classification number | 330.0917 |
| Item number | AKR-I |
| 100 ## - MAIN ENTRY--AUTHOR | |
| Author Name | Akram Khan, Muhammad |
| 245 ## - TITLE STATEMENT | |
| Title | Islamic Economics/ |
| Statement of responsibility, etc. | Muhammad Akram Khan |
| 260 ## - PUBLICATION, DISTRIBUTION, ETC. | |
| Place of Publication | UK; |
| Name of publisher, distributor, etc. | The Islamic Foundation; |
| Date of publication, distribution, etc. | 1991 |
| 300 ## - PHYSICAL DESCRIPTION | |
| Pages | 250 p,: |
| 490 ## - SERIES STATEMENT | |
| Series Statement | Islamic Economics Series-16 |
| Volume | Vol. 2 |
| 650 ## - SUBJECT ADDED ENTRY--TOPICAL TERM | |
| Subject / Department | Social Sciences |
| 300 ## - PHYSICAL DESCRIPTION | |
| -- | 21.5 cm. |
| 952 ## - LOCATION AND ITEM INFORMATION (KOHA) | |
| -- | 0 |
| -- | 0 |
| Lost status | Damaged status | Collection code | Permanent Location | Current Location | Shelving Location | Date acquired | Full Call Number | Accession No./Barcode | Date last seen | item type | Koha item type |
|---|---|---|---|---|---|---|---|---|---|---|---|
| Economics/Commerce | Superior Information Resource Center (SIRC) Superior University - City Campus | Superior Information Resource Center (SIRC) Superior University - City Campus | Economics | 08/02/2024 | 330.0917 AKR-I 1991 | 4527 | 08/02/2024 | BOOK | BOOK |
